|
|
|
|
| LEADER |
01182nam a22003017a 4500 |
| 001 |
27868 |
| 003 |
BD-DhAAL |
| 005 |
20140129154237.0 |
| 008 |
140129s2009 enka||| b||| 000 0 eng d |
| 020 |
|
|
|a 9781849506397
|
| 024 |
|
|
|a 0732-1317 (series)
|
| 040 |
|
|
|a BD-DhAAL
|c BD-DhAAL
|
| 082 |
|
|
|2 22
|a 351.54
|
| 245 |
|
|
|a The many faces of public management reform in the Asia-Pacific region /
|c Edited by Clay Wescott, Bidhya Bowornwathana and Lawrence R. Jones
|
| 260 |
|
|
|a Bingley :
|b Emerald,
|c 2009
|
| 300 |
|
|
|a x, 381 p. :
|b ill. ;
|c 24 cm.
|
| 490 |
|
|
|a Research in public policy analysis and management,
|v 18.
|
| 504 |
|
|
|a Includes bibliographical references (p. 379-381)
|
| 541 |
|
|
|e 27868
|
| 650 |
|
|
|a Öffentlicher Sektor
|9 3772
|
| 650 |
|
|
|a Public administration
|x Pacific Area
|9 3773
|
| 700 |
|
|
|a Wescott, Clay.
|9 3774
|
| 700 |
|
|
|a Bowornwathana, Bidhya.
|9 3775
|
| 700 |
|
|
|a Jones, Lawrence R.
|9 3776
|
| 852 |
|
|
|a Ayesha Abed Library
|c General Stacks
|
| 942 |
|
|
|2 ddc
|c BK
|
| 999 |
|
|
|c 14152
|d 14152
|
| 952 |
|
|
|0 0
|1 0
|2 ddc
|4 0
|6 351_540000000000000_MAN
|7 0
|9 23863
|a IGS
|b IGS
|c GEN
|d 2014-01-29
|e Trim Education
|g 10950.00
|l 0
|o 351.54 MAN
|p 3010027868
|r 2014-01-29
|t 1
|w 2014-01-29
|y BK
|